Statistics for Kehon osat lintujen nimissä

Click here to take the quiz!

General Stats

  • This quiz has been taken 14 times
    (12 since last reset)
  • The average score is 15 of 24

Answer Stats

Answer% Correct
Pää
100%
Siipi
92%
Varvas
92%
Jalka
92%
Selkä
92%
Pyrstö
92%
Kaula
83%
Rinta
83%
Nokka
83%
Poski
75%
Otsa
75%
Niska
75%
Kurkku
67%
Tukka
58%
Töyhtö
58%
Kylki
50%
Perä
42%
Koipi
33%
Kieli
33%
Viiksi
33%
Haara
25%
Harja
25%
Sarvi
17%
Peukalo
17%

Score Distribution

Percentile by Number Answered

Percent of People with Each Score

Your Score History

You have not taken this quiz since the last reset